00809 2200313 4500001002100000005001500021035002000036007000300056008004100059040001700100100002500117245003900142250001200181300003100193504003000224020002200254041000800276082001100284084001700295090002300312260003600335650001000371700002500381700003000406850001000436990001700446990001600463990001600479INLIS00000000000323220260528123743 a0010-0421000055ta260528 0  aSBPUPADbind0 aSyamsuddin CH. Haesy1 aIndigostar /cSyamsuddin CH. Haesy a.-Cet.1 axxiii, 232 hlm. ;c20,5 cm aBibliografi, hlm 229-232 a978-602-8458-21-4 aind a521.58 a521.58 SYA i a521.58 SYA i L16-2 a.--Bandung :bSalamadani,c2009 4aSains aeditor, bambang trim acopyeditor, Elly Syarifah aPUPAD a11668A/BR/09 a11668/BR/09 a11667/BR/09